000 01505cam a22003977a 4500
003 CHAP
005 20220329141736.0
008 971013s1981 r 00010 d
010 _a73173
011 _a74145
035 _a83704
040 _cCHAP
090 _aFolleto 8379
100 0 0 _aGarcía Martell, Celso.
_946251
245 0 _aPrincipales plagas del aguacate
260 _aMéxico, D.F. :
_bDirección General de Sanidad Vegetal,
_c1981
300 _a59 p.
_b: ilus.
590 _aBATCH-UPD
_b10
_c20130110
_lUCH01
_h0659
590 _aBATCH-UPD
_b10
_c20130410
_lUCH01
_h0344
590 _aBATCH-UPD
_b10
_c20130913
_lUCH01
_h2304
590 _aCONVERSION
_b10
_c20130109
_lUCH01
_h1340
650 1 4 _aAguacate
_xPlagas.
_92543
650 1 4 _aControl de plagas.
_927595
901 _aBK
942 _cFOLL
949 _aFolleto 8379
_bBC
_cFOLL
_d-38411
_eTS1
_i83704
_mD
_si
949 _aFolleto 8379
_bBC
_cFOLL
_d-38412
_eTS2
_fc.2
_i83704
_mD
_si
949 _aFolleto 8379
_bBC
_cFOLL
_d-38413
_eTS2
_fc.3
_i83704
_mD
_si
949 _aFolleto 8379
_bBC
_cFOLL
_d-38414
_eTS2
_fc.4
_i83704
_mD
_si
949 _aFolleto 8379
_bBC
_cFOLL
_d-38415
_eTS2
_fc.6
_i83704
_mD
_si
949 _aFolleto 8379
_bBC
_cFOLL
_d-38417
_eTS2
_fc.5
_i83704
_mD
_si
949 _aFolleto 8379
_bBC
_cFOLL
_d-38418
_eTS2
_fc.7
_i83704
_mD
_si
949 _aFolleto 8379
_bBC
_cFOLL
_d-38420
_eTS2
_fc.8
_i83704
_mD
_si
949 _aFolleto 8379
_bBC
_cFOLL
_d-38422
_eTS2
_fc.9
_i83704
_mD
_si
949 _aFolleto 8379
_bBC
_cFOLL
_d-38425
_eTS2
_fc.10
_i83704
_mD
_si
999 _c73173
_d73173